Cad và người thiết kế AutoCAD và tiêu chuẩn quốc tế về kỹ nghệ họa và Cad

محفوظ في:
التفاصيل البيبلوغرافية
المؤلف الرئيسي: Lê, Vi
التنسيق: كتاب
اللغة:Undetermined
منشور في: Hà Nội Lao động 2010
الموضوعات:
الوسوم: إضافة وسم
لا توجد وسوم, كن أول من يضع وسما على هذه التسجيلة!
Thư viện lưu trữ: Trung tâm Học liệu Trường Đại học Cần Thơ
LEADER 00615nam a2200193Ia 4500
001 CTU_161073
008 210402s9999 xx 000 0 und d
020 |c 84000 
082 |a 620.00420285 
082 |b V300 
100 |a Lê, Vi 
245 0 |a Cad và người thiết kế AutoCAD và tiêu chuẩn quốc tế về kỹ nghệ họa và Cad 
245 0 |c Lê Vi, Nguyên Ngọc 
260 |a Hà Nội 
260 |b Lao động 
260 |c 2010 
650 |a AutoCAD,Đồ họa máy tính 
910 |a Nguyên 
980 |a Trung tâm Học liệu Trường Đại học Cần Thơ